[Event "Corus"]
[Site "Wijk aan Zee"]
[Date "2002.01.19"]
[Round "1"]
[White "Leko, Peter"]
[Black "Van Wely, Loek"]
[Result "1-0"]
[WhiteElo "2713"]
[BlackElo "2697"]
[Annotator "Ftacnik,L"]
[PlyCount "81"]
[EventDate "2002.01.12"]
[EventType "tourn"]
[EventRounds "13"]
[EventCountry "NED"]
[EventCategory "18"]
[SourceTitle "CBM 087"]
[Source "ChessBase"]
[SourceDate "2002.03.21"]
[SourceVersion "1"]
[SourceVersionDate "2002.03.21"]
[SourceQuality "1"]

1. e4 c5 2. Nf3 d6 3. d4 cxd4 4. Nxd4 Nf6 5. Nc3 a6 6. Be2 e6 7. Be3 Qc7 8. Qd2
b5 9. a3 Bb7 10. f3 Be7 11. O-O-O O-O 12. g4 Nc6 (12... Nbd7 $6 13. g5 Ne8 14.
h4 $40) 13. g5 Nd7 14. h4 Nce5 {Van Wely is very correctly trying to slow down
white's attack on the kingside with the help of counterplay on the opposite
half of the board.} (14... Nxd4 15. Bxd4 Ne5 16. h5 Rac8 17. Kb1 Rfd8 18. Qf4
Bf8 19. Rdg1 Nc4 20. Bf6 Rd7 21. Bxc4 bxc4 22. Qg4 $14 {1-0 Pogonina,
N-Zakirova,E/Kazan 2001/ (53)}) 15. f4 Nc4 (15... b4 16. axb4 Nc4 17. Bxc4 Qxc4
18. f5 $36) 16. Bxc4 Qxc4 17. f5 Rfc8 (17... e5 18. f6 $1 exd4 19. fxe7 dxc3 (
19... Rfe8 20. Qxd4 Qxd4 21. Rxd4 Rxe7 22. Bf4 $16) 20. exf8=Q+ Nxf8 21. Qxc3
Qxc3 22. bxc3 Bxe4 23. Rhe1 d5 24. Rd2 $14) 18. g6 (18. fxe6 fxe6 19. Rhf1 Nc5
20. Qg2 b4 21. axb4 Qxb4 $15) 18... fxg6 19. fxg6 h5 $6 {[%mdl 256] Original
solution, but black probably had to find courage for the brave capture 19...
hxg6 with good chances to force white into extreme forms of attacking chess.} (
19... hxg6 20. h5 (20. Qg2 e5 21. Nb3 Nf6 22. Nd2 Qf7 $15) 20... gxh5 21. Rxh5
$5 (21. Rdg1 $5 Bf6 (21... Nf6 $6 22. Qg2 Bf8 23. Qg6 $16) 22. Rxh5 Nc5 $17) (
21. Bg5 Nf6 22. Qh2 Nxe4 23. Nxe4 Bxe4 24. Bxe7 Bxh1 25. Qxh1 e5 $19) 21... Nf6
22. Rh4 Nd5 (22... a5 $5 23. e5 $5) 23. exd5 Bxh4 24. Nxe6 Bf6 25. Bd4 Bxd4 26.
Nxd4 $15) 20. Bg5 $1 Nf6 (20... Bf6 21. Rh3 b4 22. axb4 Rab8 $13) 21. Rh3 $1 b4
(21... Bd8 22. Qe1 $13) 22. axb4 Qxb4 23. Nxe6 Qa5 (23... Bxe4 24. Nxe4 (24.
Bxf6 $2 Bxf6 25. Qxd6 Rab8 26. Qxb4 Rxb4 27. Nxe4 Bxb2+ 28. Kd2 Rxe4 29. Rb1
Bf6 $17) 24... Qxe4 25. Re3 Qb7 (25... Qa4 26. Kb1 Ng4 27. Re2 $14) 26. Qd4 $14
) 24. Qd4 $1 Rab8 (24... Qa1+ $2 25. Kd2 Qxb2 $2 26. Rb1 Nxe4+ 27. Ke1 $18) 25.
Rf3 Rxc3 (25... Qa1+ 26. Kd2 Qxb2 27. Rb1 Qa3 28. Bxf6 Bxf6 29. Rxf6 gxf6 30.
Qxf6 Qxc3+ 31. Qxc3 Rxc3 32. Kxc3 Rc8+ 33. Kd4 $16) 26. Rxc3 Qa1+ 27. Kd2 Qxb2
28. Rb3 $1 $18 {Black badly needs to play actively due to the absence of the
exchange, but the pin along the b file will prove to be too much of a burden.}
(28. Ke1 Qa2 29. Nxg7 $1 Kxg7 30. Bxf6+ Bxf6 31. Rc7+ $18) 28... Qxd4+ (28...
Nxe4+ 29. Ke3 $1 (29. Qxe4 Bxe4 30. Rxb2 Rxb2 31. Bxe7 Rxc2+ 32. Ke3 Bxg6 33.
Rxd6 $16) 29... Qxd4+ 30. Kxd4 Bxg5 31. Nxg5 $18) 29. Nxd4 Nxe4+ 30. Kc1 $1 (
30. Ke3 Bxg5+ 31. hxg5 Nc5 32. Rb6 $11) 30... Bxg5+ 31. hxg5 Nc5 32. Rb6 Rd8 (
32... Na4 33. Rxd6 Nc3 34. Re1 $16) 33. Nb3 $1 {Leko is breaking up the last
defensive barriers, the problems with 8th rank will break defenders neck.}
Nxb3+ (33... Bf3 34. Nxc5 Bxd1 35. Ne6 Re8 36. Kxd1 $18) 34. cxb3 Bf3 35. Rdxd6
Rc8+ 36. Kd2 h4 37. Ke3 Bg2 38. Kf2 h3 39. Kg3 Bf1 40. Rd7 Rc3+ 41. Kf2 1-0

[Event "EU-chT (Men) 12th"]
[Site "Batumi"]
[Date "1999.11.29"]
[Round "1.1"]
[White "Lanka, Zigurds"]
[Black "Movsesian, Sergei"]
[Result "1-0"]
[WhiteElo "2504"]
[BlackElo "2659"]
[Annotator "Ftacnik,L"]
[PlyCount "81"]
[EventDate "1999.11.06"]
[EventType "team-swiss"]
[EventRounds "9"]
[EventCountry "GEO"]
[SourceTitle "CBM 074"]
[Source "ChessBase"]
[SourceDate "2000.02.01"]
[SourceVersion "1"]
[SourceVersionDate "2000.02.01"]
[SourceQuality "1"]
[WhiteTeam "Latvia"]
[BlackTeam "Czech Republic"]
[WhiteTeamCountry "LAT"]
[BlackTeamCountry "CZE"]

1. e4 c5 2. Nf3 Nc6 3. d4 cxd4 4. Nxd4 Qc7 5. Nc3 e6 6. Be2 a6 7. O-O Nf6 8.
Kh1 Be7 9. f4 d6 10. Nxc6 bxc6 11. Qd3 O-O (11... e5 $6 12. Qg3 O-O 13. fxe5
dxe5 14. Bh6 Ne8 15. Bc4 $40 Kh8 $2 16. Rxf7 $18) (11... d5 12. b3 a5) 12. b3 (
12. Qg3 Nd7 13. b3 Bb7 14. Bb2 e5 15. Na4 Bf6 16. f5 d5 17. c4 Qb8 18. c5 d4
19. Rac1 a5 20. Ba3 Kh8 21. Rc2 Be7 22. Nb2 Ba6 23. Bxa6 Rxa6 24. Nd3 {1-0
Larsen,B-Arakhamia,K/Vienna/1993/ (59)}) 12... d5 13. Bb2 (13. e5 $5 Nd7 14.
Na4 a5 (14... f6 $1 15. Bb2 fxe5 16. fxe5 Rxf1+ 17. Rxf1 Nxe5 18. Qe3 Bd6 19.
Nb6 Rb8 20. Nxc8 Rxc8 21. Bg4 $1 Re8 22. Bxe5 Bxe5 23. Re1 Bf6 24. Bxe6+ $11)
15. c4 Ba6 16. Qc2 Nc5 (16... f6 17. Bd3 $1 $40) 17. Nxc5 Bxc5 18. Bd3 g6 19.
Rf3 $1 Rfc8 $2 (19... Bd4) 20. Bb2 Bf8 21. f5 $3 {1-0 Molnar,B-Horvath,J/Nice/
1996/ (34)}) 13... a5 14. Qg3 {White is preparing long term plan of attack
against the black king.} (14. e5 Nd7 (14... Ba6 $2 15. exf6 $1 Bxd3 16. fxe7
Qxe7 17. cxd3 $16) 15. Na4 Ba6 16. c4 $13) 14... Bb7 (14... dxe4 $2 15. Nxe4
$16) 15. e5 Nd7 16. Rae1 Kh8 (16... Nc5 17. f5 exf5 18. Rxf5 d4 19. Nd1 $14)
17. Qh3 g6 18. Rf3 Rfe8 19. Na4 c5 $6 (19... Nc5 20. Nxc5 Bxc5 21. a4 $14) 20.
Bb5 Red8 21. f5 $1 {If this breakthrough works fine Movsesian will be in big
trouble.} gxf5 (21... exf5 22. e6+ Nf6 23. Be5 Rd6 24. Qh4 Kg7 25. Rxf5 $1 Qd8
26. Nxc5 $18) 22. Bxd7 $2 (22. Qh5 $5 Bc6 (22... Nf8 23. Qxf7 Rac8 24. Rg3 Ng6
25. Qxe6 (25. Rxg6 hxg6 26. Qxg6 Bh4 27. Re2 Qh7 28. Qxe6 $16) 25... Bh4 26.
Nb6 $16) 23. Qxf7 Bxb5 24. Qxe7 Re8 25. Qf7 Qc6 26. Rh3 Nf8 27. Rg3 Ng6 28.
Rxg6 hxg6 29. Re3 $18) 22... d4 $2 {True comedy of errors, it is difficult to
guess what both players have seen or missed. Black is now fighting a lost
battle.} (22... Rxd7 $1 23. Rxf5 (23. Qh5 Rg8 $1 24. Qxf7 Bh4 25. Qxe6 Re7 (
25... Bxe1 26. Qxd7 Qxd7 27. e6+ d4 28. exd7 Bxf3 29. gxf3 Bf2 30. h3 $14) 26.
Qxf5 Bxe1 27. e6+ d4 28. Nxc5 Bc3 $17) 23... exf5 24. e6+ d4 25. exd7 Be4 $1
26. c3 Rg8 27. Re2 (27. Rxe4 fxe4 28. cxd4 cxd4 29. Bxd4+ f6 $17) 27... d3 28.
c4+ f6 29. Rf2 Qxd7 30. Qh6 Qc6 31. Qd2 $15) 23. Bb5 Bxf3 24. Qxf3 Rab8 25. Bd3
(25. Bc4 Rg8 26. Bc1 $17) 25... Rd5 26. Bc1 (26. Qe2 Bh4 27. g3 Bg5 28. c4 $16)
26... Rxe5 27. Rf1 Rd5 28. g4 $1 {Opening of the position is extremely
unpleasant for the defender.} Rg8 (28... fxg4 29. Qxf7 Bd6 30. Qxe6 $18) 29.
gxf5 Qe5 (29... Bg5 30. Bxg5 Rxg5 31. fxe6 fxe6 32. Qf6+ Qg7 33. Qxe6 $16) 30.
Nb6 Rdd8 (30... Rd6 31. Nc4 $18) 31. f6 Bd6 32. Qh3 Qxh2+ (32... Rg6 33. Bf4
Qxf6 34. Bxd6 $18) 33. Qxh2 Bxh2 34. Kxh2 Rd6 35. Nc4 (35. Na4 Rd5 36. Be2 Re5
37. Rf2 $18) 35... Rd5 36. Be2 Rg6 37. Bf4 $1 Rf5 (37... Rxf6 38. Be5 Rxe5 39.
Nxe5 $18) 38. Nd6 Rfxf6 (38... Rgxf6 39. Nxf5 Rxf5 40. Bg4 Rd5 41. Bf3 $18) 39.
Be5 Rh6+ 40. Kg3 Rhg6+ 41. Kh4 1-0

[Event "Olympiad-34"]
[Site "Istanbul"]
[Date "2000.10.31"]
[Round "4.2"]
[White "Leitao, Rafael Duailibe"]
[Black "Stohl, Igor"]
[Result "1-0"]
[WhiteElo "2567"]
[BlackElo "2578"]
[Annotator "Ftacnik,L"]
[PlyCount "59"]
[EventDate "2000.10.28"]
[EventType "team-swiss"]
[EventRounds "14"]
[EventCountry "TUR"]
[SourceTitle "EXT 2001"]
[Source "ChessBase"]
[SourceDate "2000.11.22"]
[SourceVersion "1"]
[SourceVersionDate "2000.11.22"]
[SourceQuality "1"]
[WhiteTeam "Brazil"]
[BlackTeam "Slovakia"]
[WhiteTeamCountry "BRA"]
[BlackTeamCountry "SVK"]

1. e4 c5 2. Nf3 d6 3. d4 cxd4 4. Nxd4 Nf6 5. Nc3 a6 6. Be2 e6 7. O-O Nbd7 8. a4
b6 9. f4 Bb7 10. Bf3 Qc7 11. Kh1 Rd8 12. Qe1 Be7 13. Qg3 O-O 14. e5 Ne8 15. Be3
g6 $6 {[%mdl 128] This inexact move will inspire white's strong tactical
attack on the kingside.} (15... dxe5 16. fxe5 Bxf3 17. Nxf3 Bb4 18. Bd4 f6 $11)
16. f5 $1 Bxf3 (16... dxe5 17. fxg6 hxg6 18. Nxe6 fxe6 19. Qxg6+ Ng7 (19... Kh8
20. Qh6+ Kg8 21. Qxe6+ Kh8 22. Bxb7 $18) 20. Bh6 Bf6 21. Bxb7 Qxb7 22. Ne4 Rf7
23. Qxf7+ Kxf7 24. Nd6+ Kg6 25. Nxb7 Rc8 26. Bxg7 Kxg7 27. c3 $18) 17. fxe6 Bb7
(17... Nxe5 18. exf7+ Rxf7 19. Ne6 Qc6 20. Nxd8 Bxd8 21. gxf3 Nxf3 22. Qg2 Ng7
23. Rad1 Nf5 24. Nd5 $16) (17... fxe6 $2 18. Nxe6 Qb7 19. Nxf8 $18) (17...
Bxg2+ $2 18. Qxg2 Nxe5 19. Nd5 $18) 18. Nf5 $1 Nxe5 (18... fxe6 19. Nxe7+ Kg7
20. Qh4 $18) (18... dxe5 19. Nxe7+ Kg7 20. Ned5 $18) 19. Bxb6 $1 Qxb6 20. Nxe7+
Kh8 (20... Kg7 21. Nf5+ Kh8 22. e7 $18) 21. Ned5 Bxd5 (21... Qxb2 22. e7 Ng7
23. exf8=Q+ Rxf8 24. Rab1 Qxc2 25. Rxb7 $18) 22. Nxd5 Qxb2 23. e7 {The triumph
of white's concept, black loses the rook and quite naturally also the game.}
Ng7 24. Qh4 Rc8 (24... Rde8 25. Nf6 h5 26. Qg5 Ng4 27. Nxg4 hxg4 28. c4 $18)
25. Nf6 h5 26. exf8=Q+ Rxf8 27. Qg5 Ng4 (27... Nf5 28. Rab1 Qa2 (28... Qxc2 29.
Rbc1 $18) 29. Rbe1 Ng4 30. Rxf5 gxf5 31. Qxh5+ Kg7 32. Qg5+ Kh8 33. Qh4+ Kg7
34. Nh5+ Kg6 35. Nf4+ Kg7 36. Qg5+ Kh8 37. h3 $18) 28. Nd7 Rc8 29. h3 Qb7 30.
Rxf7 1-0

[Event "Prague ProMoPro m2"]
[Site "Prague"]
[Date "2004.12.04"]
[Round "2"]
[White "Shirov, Alexei"]
[Black "Navara, David"]
[Result "1-0"]
[WhiteElo "2726"]
[BlackElo "2620"]
[Annotator "Ftacnik,L"]
[PlyCount "69"]
[EventDate "2004.12.03"]
[EventType "match"]
[EventRounds "2"]
[EventCountry "CZE"]
[SourceTitle "CBM 105"]
[Source "ChessBase"]
[SourceDate "2005.04.11"]
[SourceVersion "1"]
[SourceVersionDate "2005.04.11"]
[SourceQuality "1"]

1. e4 c5 2. Nf3 e6 3. d4 cxd4 4. Nxd4 Nc6 5. Nc3 a6 6. Be2 d6 7. Be3 Nf6 8. f4
Be7 9. g4 Qa5 {Navara refrains from the immediate counterpunch in the center
and opts for the flexible position with chances for counterplay.} (9... d5 10.
e5 (10. Bf3 Na5 11. exd5 Nxd5 12. Nxd5 exd5 13. Ne2 Nc4 14. Bd4 O-O 15. O-O Re8
16. g5 Bb4 17. Qd3 g6 18. Ng3 Qd6 19. Rf2 Nb6 20. c3 Bc5 21. f5 Bd7 22. Rd1
Rac8 23. Bxc5 {1/2-1/2 Pinter,G-Flumbort,A/Hungary 2003/}) 10... Nd7 11. g5 (
11. O-O g5 12. Nf3 gxf4 13. Bxf4 Qb6+ 14. Kh1 Qxb2 15. Qe1 Qxc2 16. Rc1 Qg6 17.
Qd2 Nc5 18. g5 Qg7 19. Nh4 Bd7 20. Bh5 O-O-O 21. Nf5 exf5 22. Nxd5 Be6 23.
Nxe7+ Nxe7 24. Rxc5+ Kb8 25. Qb2 Rd7 {Lanka,Z-Sokolov,A/Riga 1987/ 1/2-1/2 (42)
}) 11... Nxd4 12. Qxd4 h6 13. g6 Bh4+ 14. Kd2 fxg6 15. Rhg1 Nf8 16. Bd3 g5 17.
Raf1 Bd7 18. Kc1 Qe7 19. f5 Bc6 20. f6 {1-0 Ponomariov,R-Zvjaginsev,V/Moscow
2002/}) 10. Nb3 Qc7 11. g5 Nd7 12. Qd2 b5 13. O-O-O Bb7 (13... b4 $5 14. Nb1 (
14. Na4 Bb7 15. Bf3 Rc8 16. Rhe1 Na5 $36) 14... O-O 15. f5 Rd8 $13) 14. f5 Nde5
(14... b4 15. fxe6 fxe6 16. Na4 Rc8 17. Rhf1 Nce5 18. Nd4 $40) 15. Rhf1 Na5 $6
{Black doesn't have a lucky day with his handling of the knights. All white's
pieces are already prepared for an attack.} (15... b4 16. Na4 Na5 17. Qxb4 Rc8
18. Nc3 $14) 16. Nxa5 Qxa5 17. a3 O-O-O (17... b4 18. Na2 Bxe4 19. f6 gxf6 20.
gxf6 Bf8 (20... Rc8 21. Nxb4 Bf8 22. Bxa6 $16) 21. Qxb4 Qxb4 22. Nxb4 $14) 18.
Bd4 (18. f6 gxf6 19. gxf6 Bf8 20. Rg1 $16) 18... Rhg8 19. Qe3 Nc4 (19... b4 20.
f6 $1 (20. Bb6 $2 Bxg5 $1) 20... bxc3 21. Bxc3 Qc7 22. fxe7 Qxe7 23. Bxe5 dxe5
24. Qc3+ Kb8 25. Qxe5+ $16) (19... Nd7 20. fxe6 fxe6 21. Rf7 Rde8 22. Bg4 Bd8
23. Nd5 $18) 20. Bxc4 bxc4 21. h4 $1 {[%mdl 32] Shirov dominates on both
flanks and the threat of Bb6 is more than unpleasant.} (21. f6 gxf6 22. gxf6
Bf8 23. Bb6 Qh5 24. Qd4 $16) 21... Rd7 (21... Kc7 22. fxe6 fxe6 23. Qe2 $18)
22. Bb6 Qe5 23. Bd4 Qa5 24. fxe6 fxe6 25. Bb6 Qe5 26. Bd4 Qa5 27. e5 $1 {
The defender is ill prepared for the opening of the center.} Re8 (27... dxe5
28. Bb6 $18) (27... Bd8 28. exd6 Rxd6 29. Ne4 Rc6 30. Rf7 $18) 28. exd6 Bxd6 (
28... Rxd6 29. Bxg7 e5 30. Qe2 $18) 29. Bxg7 Bc5 30. Bd4 Bxd4 (30... Rxd4 31.
Rxd4 Qc7 32. Na4 Ba7 33. Qxe6+ $1 $18) 31. Rxd4 Qc5 32. Rff4 $1 {A nice final
touch, white can support the rook and create threats on the fourth rank.} Bc6 (
32... e5 33. Rxc4 $18) 33. Rde4 Qd6 (33... Qxe3+ 34. Rxe3 Kb7 35. Rxc4 $18) 34.
Rxc4 Red8 35. Kb1 1-0

[Event "Albert m"]
[Site "Albert"]
[Date "2000.10.13"]
[Round "4"]
[White "Short, Nigel D"]
[Black "Bacrot, Etienne"]
[Result "1-0"]
[WhiteElo "2677"]
[BlackElo "2613"]
[Annotator "Ftacnik,L"]
[PlyCount "91"]
[EventDate "2000.10.10"]
[EventType "match"]
[EventRounds "6"]
[EventCountry "FRA"]
[SourceTitle "CBM 080"]
[Source "ChessBase"]
[SourceDate "2001.01.25"]
[SourceVersion "1"]
[SourceVersionDate "2001.01.25"]
[SourceQuality "1"]

1. e4 c5 2. Nf3 Nc6 3. d4 cxd4 4. Nxd4 e6 5. Nc3 d6 6. Be3 Nf6 7. Be2 Be7 8.
Qd2 O-O 9. O-O-O a6 10. f4 Nxd4 11. Qxd4 Rb8 12. e5 dxe5 (12... Ne8 13. exd6
Nxd6 14. Qb6 $1 $16) 13. Qxe5 Nd7 (13... Bd7 14. g4 Qc8 15. Rhe1 $14) 14. Qxb8
$5 Nxb8 15. Rxd8 Bxd8 (15... Rxd8 16. Bb6 Rd7 17. Bf3 $14) 16. Bf3 {[%mdl 4096]
Short has slightly higher prospects due to the kingside pawn majority and
better pieces.} Bc7 17. Rd1 Nc6 18. g3 (18. Ne4 Rd8 19. Rxd8+ Nxd8 20. c4 e5
21. fxe5 Bxe5 22. g3 $14) 18... Rd8 19. Rxd8+ Nxd8 (19... Bxd8 20. Ne4 $14) 20.
Na4 Bd7 (20... e5 $2 21. Bb6 Bxb6 22. Nxb6 Be6 23. fxe5 $16) (20... b5 21. Bb6
(21. Nc5 e5 22. fxe5 Bxe5 $11) 21... Bxb6 22. Nxb6 Bb7 23. Bxb7 Nxb7 24. c4
bxc4 25. Nxc4 f6 26. b4 $14) 21. Nc5 Bc8 (21... Bc6 $2 22. Bxc6 Nxc6 23. Nxb7
$16) 22. Na4 Bd7 23. Bb6 Bxb6 24. Nxb6 Bc6 25. Bxc6 (25. Bg4 f6 26. c4 e5 27.
Kd2 Kf7 $11) 25... Nxc6 (25... bxc6 $2 26. b4 $16) 26. Nd7 f6 (26... b5 27. Kd2
a5 28. c4 $1 $14) 27. Nc5 Nd8 28. b4 Kf7 29. a4 Ke7 30. a5 Kd6 (30... g5 31.
fxg5 fxg5 32. Kd2 $14) 31. c4 Nc6 $2 {Bacrot was not enjoying his defensive
task, but this untimely jump only makes the matters worse.} (31... e5 32. Kd2
exf4 33. gxf4 f5 34. Ke3 $14) 32. Nxb7+ Kc7 (32... Ke7 33. b5 $18) 33. Nc5 Nxb4
34. Nxe6+ Kd6 35. Nxg7 Nc6 36. Kd2 Nxa5 37. Kc3 Kc5 (37... Nc6 38. g4 a5 39.
Nf5+ Kc5 40. Ng3 $18) 38. Ne6+ Kd6 39. Nd4 Kc5 40. Ne6+ (40. Nb3+ $2 Nxb3 41.
Kxb3 a5 $1 (41... h5 $2 42. f5 a5 43. h3 a4+ 44. Kc3 a3 45. g4 a2 46. Kb2 hxg4
47. hxg4 $18) (41... f5 $2 42. g4 fxg4 43. f5 h5 44. f6 Kd6 45. c5+ Ke6 46. c6
$18) 42. g4 a4+ 43. Kc3 a3 44. f5 a2 45. Kb2 Kxc4 46. Kxa2 Kd5 47. Kb3 Ke5 48.
Kc4 h5 $11) 40... Kd6 41. Ng7 Kc5 42. Ne8 Nxc4 (42... f5 43. Ng7 (43. Nc7 Nxc4
44. Nxa6+ Kd5 45. Nc7+ Kc5 46. Ne6+ Kd5 47. Nd4 Ne3 48. Kd3 Ng4 $16) 43... Nxc4
44. Nxf5 $18) 43. Nxf6 Ne3 44. Kd3 Nf1 45. Ne4+ Kd5 46. h3 (46. h3 a5 47. g4 h6
48. f5 Ke5 49. Ke2 Nh2 50. Kf2 $18) 1-0

[Event "Cappelle op 14th"]
[Site "Cappelle la Grande"]
[Date "1998.??.??"]
[Round "7"]
[White "Renet, Olivier"]
[Black "Novikov, Igor A"]
[Result "1/2-1/2"]
[WhiteElo "2490"]
[BlackElo "2550"]
[Annotator "Glek,I"]
[PlyCount "105"]
[EventDate "1998.02.21"]
[EventType "swiss"]
[EventRounds "9"]
[EventCountry "FRA"]
[SourceTitle "CBM 063 Extra"]
[Source "ChessBase"]
[SourceDate "1998.04.29"]
[SourceVersion "1"]
[SourceVersionDate "1998.04.29"]
[SourceQuality "1"]

1. e4 c5 2. Nf3 d6 3. d4 cxd4 4. Nxd4 Nf6 5. Nc3 a6 6. Be2 e6 7. O-O Be7 8. f4
Qc7 9. Be3 Nbd7 10. a4 b6 11. f5 e5 12. Ne6 $5 fxe6 13. fxe6 Nc5 14. Nd5 Nxd5
15. exd5 Nxe6 16. dxe6 Bxe6 17. c4 Rf8 18. Rxf8+ Bxf8 19. b3 Rb8 20. Bf3 g6 21.
Qd2 Kf7 22. Rf1 Kg8 23. Bd5 Bxd5 24. Qxd5+ Kg7 25. c5 $1 bxc5 26. Bg5 $1 h5 27.
Bf6+ $2 (27. Qe6 $1 {/\ 28.Rf6!+-}) 27... Kh7 28. Bxe5 dxe5 29. Rf7+ Qxf7 30.
Qxf7+ Bg7 31. Qc4 e4 32. Qxe4 Rxb3 33. Qc4 Bd4+ 34. Kf1 Rb6 35. Qf7+ Bg7 36.
Qc4 Bd4 37. Ke2 Kg7 38. Kd3 Rf6 39. Qd5 Kh6 40. Qb7 g5 41. Qa8 Kg6 42. Qe8+ Kh6
43. Kc4 Bg1 44. Kd5 Bd4 45. Qc8 Kg6 46. g3 g4 47. h4 gxh3 48. Qxh3 Kg5 49. Qh4+
Kg6 50. Kc4 Bf2 51. Qe4+ Kh6 52. Qe7 Bd4 53. Qe4 1/2-1/2